000 00913cam a2200229 a 4500
001 12025163
005 20180117033531.0
008 000530s2000 cauab f 001 0 eng
010 _a 00044090
020 _a0761525645
040 _aDLC
_cDLC
_dDLC
041 _aeng
043 _an-us-ga
080 _a975.8231044 CAU
082 0 0 _a975.8231044 CAU
_221
100 1 _a39
101 _aMED
245 1 0 _aRelocating to Atlanta and surrounding areas :
_cH.M. Cauley.
906 _a7
_bcbc
_corignew
_d1
_eocip
_f20
_gy-gencatlg
942 _2ddc
_cBK
999 _c40392
_d40392